Normal view
MARC view
- Framing (Building)
Entry Topical Term
001 - CONTROL NUMBER
- control field: 32167
003 - CONTROL NUMBER IDENTIFIER
- control field: NUST
005 - DATE AND TIME OF LATEST TRANSACTION
- control field: 20201019100232.0
008 - FIXED-LENGTH DATA ELEMENTS
- fixed length control field: 201019|| aca||aabn | a|a d
040 ## - CATALOGING SOURCE
- Original cataloging agency: NUST
- Transcribing agency: NUST
150 ## - HEADING--TOPICAL TERM
- Topical term or geographic name entry element: Framing (Building)
670 ## - SOURCE DATA FOUND
- Source citation: Work cat.: (NUST)163: Larsen, Olga Popovic. 32166, Reciprocal frame architecture /, 2008.
